The oriental carpet : a history and guide to traditional motifs, patterns, and symbols /

Bibliographic Details
Main Author: Ford, P. R. J.
Format: Book
Language:English
Published: New York : Abrams, 1981.
Subjects:

MARC

Tag First Indicator Second Indicator Subfields
LEADER 00000cam a22000008a 4500
001 in00000076654
005 20151008053733.0
008 810109s1981 nyuab b 00110 engm
010 |a  80028851  
020 |a 0810914050 
035 |a (OCoLC)07197400 
035 |9 AAH8475AM 
039 0 |a 2  |b 3  |c 3  |d 3  |e 3 
040 |a DLC  |c DLC  |d TXA  |d UtOrBLW 
043 |a a------ 
049 |a TXAM  |c [1560798] 
050 0 0 |a NK2808  |b .F65 
082 0 |a 746.7/5  |2 19 
100 1 |a Ford, P. R. J. 
245 1 4 |a The oriental carpet :  |b a history and guide to traditional motifs, patterns, and symbols /  |c P.R.J. Ford. 
263 |a 8110 
264 1 |a New York :  |b Abrams,  |c 1981. 
300 |a 352 pages :  |b illustrations (some color), maps ;  |c 32 cm. 
336 |a text  |b txt  |2 rdacontent 
337 |a unmediated  |b n  |2 rdamedia 
338 |a volume  |b nc  |2 rdacarrier 
500 |a Includes indexes. 
504 |a Bibliography: page 342. 
650 0 |a Rugs, Oriental. 
999 |a MARS 
999 f f |s 9bf2dfe8-591b-3811-9254-3f6e01d09f8f  |i daed89b7-7eeb-3853-96c7-fcfa06cb9f00  |t 0 
952 f f |p normal  |a Texas A&M University  |b College Station  |c Sterling C. Evans Library  |d Evans: Library Stacks  |t 0  |e NK2808 .F65  |h Library of Congress classification  |i unmediated -- volume  |m A14806170795 
998 f f |a NK2808 .F65  |t 0  |l Evans: Library Stacks